Score 0/21 Timer 04:00
0 Plays Today
Scrambled Names Women's name % Correct
ARMYMARY
96.2%
ANTITINA
95.4%
SAILLISA
94.1%
WANDDAWN
88.5%
HURTRUTH
87.5%
NAIADDIANA
78.9%
REINERIN
75.1%
DENIESDENISE
62.6%
PILARAPRIL
58.3%
BREADDEBRA
57.8%
CORALCAROL
53.8%
Scrambled Names Women's name % Correct
UNREALLAUREN
47.7%
BREAMAMBER
47.5%
REBANDBRENDA
47.3%
AIMLESSMELISSA
45.3%
STINKERKRISTEN
42%
CAMIONMONICA
37.8%
EASTERTERESA
34.1%
MANGEMEGAN
32.8%
REHEATSTHERESA
30.3%
DOMAINSMADISON
16.1%

You're not logged in!

Compare scores with friends on all Sporcle quizzes.
OR
Log In

Sporcle TV

Today on Sporcle TV


Watch our educational content, quiz creation guides, and fun videos on Sporcle TV.

Show Comments

Extras

Top Quizzes Today


Score Distribution

Your Account Isn't Verified!

In order to create a playlist on Sporcle, you need to verify the email address you used during registration. Go to your Sporcle Settings to finish the process.

Report this User

Report this user for behavior that violates our Community Guidelines.

Details: